| 000 | 004690000a22001570004500 | ||
|---|---|---|---|
| 020 | _a0849363012 | ||
| 060 | _a100 | ||
| 082 | _a635.25 RAB | ||
| 100 | _aRabinowitch Haim D, Brewster James L | ||
| 245 | _aOnions and Allied Crops Vol 2 : Agronomy, Biotic Interactions, Pathology and Crop Protection | ||
| 260 | _aFlorida, CRC Press | ||
| 260 | _c1990 | ||
| 300 | _a320 | ||
| 650 | _aOnion Cultivation, Onion Storage, Onion pestes, Onion Harvesting | ||
| 942 | _cBK | ||
| 999 |
_c366367 _d366367 |
||